000 00742nam a22002537a 4500
001 BR7801766
003 BR-BrBNA
005 20230928085548.0
007 ta
008 230509b bl.||||| |||| 00| 0 por d
040 _aBR-BrBNA
_bpor
_cBiblioteca Nacional de Agricultura
041 _a(Por)
072 _aF00
_b/G514
090 _ F00 BR7801766
100 1 _aCoutinho, E.A.C.
110 1 _aInstituto Nacional de Colonizacao e Reforma Agraria, Brasilia, DF (Brasil). Depto. de Projetos e Operacoes
_96414
245 1 _aManual pratico para a producao de mudas
260 3 _aBrasilia, DF (Brasil):
_c1978.
300 _a13 p.
650 _aPRATICA CULTURAL
650 _aMUDA
909 _a202309
_bLucia
_c55
_dLucia Elande
942 _cBK
999 _c25102
_d25102